TEORIA DE LA POBLACION

Gorde:
Xehetasun bibliografikoak
Erakunde egilea: Valentei D. y Otros
Formatua: Liburua
Etiketak: Etiketa erantsi
Etiketarik gabe, Izan zaitez lehena erregistro honi etiketa jartzen!

MARC

LEADER 00000nam^a2200000^a^4500
001 000212883
005 20250521000000.0
009 20260310103510.209
035 |a 029788 
037 |a Acervo Xavier Clavigero 
082 |a 315. 1 VAL 
110 |a Valentei D. y Otros 
245 1 0 |a TEORIA DE LA POBLACION 
264 |a URSS :  |b PROGRESO,  |c 1974 
336 |a texto  |b txt  |2 rdacontenido 
337 |a sin mediación  |b n  |2 rdamedio 
338 |a volumen  |b nc  |2 rdasoporte 
649 |a XX 
910 |a Fondo General 
920 |a Impresos - Libros 
930 |a Colección General 
905 |a 101 
901 |a 029788  |b IT1  |c ACC  |i 029788  |u 20250521 
902 |a https://opac.biblio.iteso.mx/vufind/Record/000212883